Long-haul solution for transport (Record no. 67071)

MARC details
000 -LEADER
fixed length control field 01570cam a2200265 4500
001 - CONTROL NUMBER
control field ABS64027
008 - FIXED-LENGTH DATA ELEMENTS--GENERAL INFORMATION
fixed length control field 000000n2001 000 0 eng u
035 ## - SYSTEM CONTROL NUMBER
System control number (Sirsi) u112678
100 ## - MAIN ENTRY--PERSONAL NAME
Personal name Morris, H
245 ## - TITLE STATEMENT
Title Long-haul solution for transport
260 ## - PUBLICATION, DISTRIBUTION, ETC.
Date of publication, distribution, etc. 2001
490 ## - SERIES STATEMENT
Series statement Planning (for the Natural and Built Environment)
Volume/sequential designation (1418) 11 May 2001, 10(1)
520 ## - SUMMARY, ETC.
Summary, etc. Discusses the growing popularity of Transport Development Areas (TDAs), which place quality design, high-density developments near good public transport access points in towns and cities. Suggests that by providing financially sound development opportunities and investment in public transport, TDAs could take on a wider regeneration role applicable to rural and urban areas. TDAs should also be achievable without changes to legislation or guidance, as the approach already fits in with government themes of accessibility, sustainability, improved public transport, and brownfield and mixed-use development. Concludes with RICS suggestions on how to implement TDAs. "Transport Development Areas: Guidance on the introduction of the TDA approach into the planning system" is available from the RICS, tel: 020 7222 7000
590 ## - LOCAL NOTE (RLIN)
Local note ABS
650 ## - SUBJECT ADDED ENTRY--TOPICAL TERM
Topical term or geographic name entry element RICS
650 ## - SUBJECT ADDED ENTRY--TOPICAL TERM
Topical term or geographic name entry element RURAL AREAS
650 ## - SUBJECT ADDED ENTRY--TOPICAL TERM
Topical term or geographic name entry element SUSTAINABLE DEVELOPMENT
650 ## - SUBJECT ADDED ENTRY--TOPICAL TERM
Topical term or geographic name entry element URBAN REGENERATION
650 ## - SUBJECT ADDED ENTRY--TOPICAL TERM
Topical term or geographic name entry element URBAN PLANNING
650 ## - SUBJECT ADDED ENTRY--TOPICAL TERM
Topical term or geographic name entry element TRANSPORT PLANNING
650 ## - SUBJECT ADDED ENTRY--TOPICAL TERM
Topical term or geographic name entry element PUBLIC TRANSPORT
650 ## - SUBJECT ADDED ENTRY--TOPICAL TERM
Topical term or geographic name entry element TRANSPORT DEVELOPMENT AREAS
690 ## - LOCAL SUBJECT ADDED ENTRY--TOPICAL TERM (OCLC, RLIN)
Topical term or geographic name as entry element ENVIRONMENTAL AND LAND CONSULTANCY-PLANNING AND DEVELOPMENT
942 ## - ADDED ENTRY ELEMENTS (KOHA)
Suppress in OPAC 0
Holdings
Withdrawn status Lost status Source of classification or shelving scheme Damaged status Not for loan Home library Current library Shelving location Date acquired Total Checkouts Full call number Barcode Date last seen Copy number Price effective from Koha item type
    Dewey Decimal Classification     London London Journal article 21/05/2001   ABS64027 112678-1001 06/08/2019 1 06/08/2019 Journal article